000 00571nam a22002297a 4500
003 UA-OsUOA
001 100067
007 ta
008 20130521b un ||||| |||| 00| 0 ukr d
100 _aУоррен Р.
090 _a821.111
942 _cBK
040 _aUA-OsUOA
_brus
_cUA-OsUOA
_dUA-OsUOA
245 _aВся королевская рать
_bроман
300 _a176 с.
955 _a3
041 _arus
080 _a821.111
260 _c1961
650 7 _a82 Література. Літературознавство
_2UDC
999 _c386316
_d386316